| 000 | 00559nam a22001937a 4500 | ||
|---|---|---|---|
| 005 | 20241128152933.0 | ||
| 008 | 241128b ||||| |||| 00| 0 eng d | ||
| 040 | _cAL | ||
| 041 | _aEnglish | ||
| 082 |
_223 _a378.14 _bSTAA |
||
| 100 |
_aST ALOYSIUS COLLEGE _9187109 |
||
| 245 | _aSt Aloysius College Mangalore: Annual Magazine 1941-1942 | ||
| 260 |
_aMangalore _bSt Aloysius College _c1942 |
||
| 300 |
_a96 p. _bHB _c24x18 cm. |
||
| 650 |
_aCollege Magazine _9187082 |
||
| 650 |
_aAnnual Report _9187083 |
||
| 650 |
_a1942 _9187084 |
||
| 942 |
_2ddc _cDB |
||
| 999 |
_c232025 _d232025 |
||